000 00982cam a2200253 a 4500
020 _a0471181153 (pbk. : alk. paper)
082 0 0 _a624.03
_bWEB
_cN-01,P-89
100 1 _aWebster, L. F.
_937099
245 1 4 _aThe Wiley dictionary of civil engineering and construction /
_ccompiled and edited by L.F. Webster.
260 _aNew York :
_bWiley,
_cc1997.
300 _axi, 666 p. ;
_c25 cm.
500 _a"A Wiley-Interscience publication."
500 _aIncludes index.
526 _a0
_b0
_c0
_d624_030000000000000_WEB
650 0 _aCivil engineering
_xDictionaries.
_936852
650 0 _aConstruction equipment
_xDictionaries.
_937100
650 0 _aForests and forestry
_xDictionaries.
_937101
650 0 _aNUST
_96342
650 0 _aStrip mining
_xDictionaries.
_937102
650 0 _aSurveying
_xDictionaries.
_937103
856 4 2 _uhttp://www.loc.gov/catdir/bios/wiley042/97001237.html
856 4 2 _uhttp://www.loc.gov/catdir/description/wiley033/97001237.html
942 _2ddc
_cBK
999 _c542018
_d542018